Vị giám đốc một phút Xây dựng những đội ngũ cán bộ thành tích cao

Kaydedildi:
Detaylı Bibliyografya
Yazar: Vị giám đốc một phút
Materyal Türü: Kitap
Dil:Undetermined
Baskı/Yayın Bilgisi: Tp. HCM Trẻ 2000
Konular:
Etiketler: Etiketle
Etiket eklenmemiş, İlk siz ekleyin!
Thư viện lưu trữ: Trung tâm Học liệu Trường Đại học Cần Thơ
LEADER 00603nam a2200181Ia 4500
001 CTU_40437
008 210402s9999 xx 000 0 und d
082 |a 658 
082 |b V300x 
100 |a Vị giám đốc một phút 
245 0 |a Vị giám đốc một phút 
245 0 |b Xây dựng những đội ngũ cán bộ thành tích cao 
245 0 |c Vị giám đốc một phút, Thiên Quang 
260 |a Tp. HCM 
260 |b Trẻ 
260 |c 2000 
650 |a management,negotiation in business 
980 |a Trung tâm Học liệu Trường Đại học Cần Thơ